Сб. 2; Материалы по геологии и полезным ископаемым

Bibliografische gegevens
Parent link:Материалы по геологии и полезным ископаемым: [сборник]/ Азово-Черноморский геологический трест. Сб. 2.— , 1938-
Samenvatting:Исключено из фонда НТБ ТПУ
Taal:Russisch
Gepubliceerd in: 1938
Onderwerpen:
Formaat: MixedMaterials Boek
KOHA link:https://koha.lib.tpu.ru/cgi-bin/koha/opac-detail.pl?biblionumber=198505

MARC

LEADER 00000nam2a2200000 4500
001 198505
005 20231101224824.0
035 |a (RuTPU)RU\TPU\book\216504 
035 |a RU\TPU\book\216341 
090 |a 198505 
100 |a 20110630d1938 k y0rusy50 ca 
101 0 |a rus 
102 |a RU 
105 |a a z 001zy 
200 0 |a Сб. 2 
210 |d 1938 
215 |a 164 с.  |c ил. 
320 |a Библиогр. в конце ст. 
333 |a Исключено из фонда НТБ ТПУ 
461 1 |0 (RuTPU)RU\TPU\book\216340  |t Материалы по геологии и полезным ископаемым  |o [сборник]  |f Азово-Черноморский геологический трест  |v Сб. 2  |d 1938- 
606 1 |a Полезные ископаемые  |x Геология  |2 stltpush  |3 (RuTPU)RU\TPU\subj\50069  |9 68818 
675 |a 553  |v 3 
801 1 |a RU  |b 63413507  |c 20110629 
801 2 |a RU  |b 63413507  |c 20180212  |g RCR 
942 |c BK